Normal view
MARC view
- Tabassum, Saadia (MSEE-16)
Entry Personal Name
001 - CONTROL NUMBER
- control field: 35475
003 - CONTROL NUMBER IDENTIFIER
- control field: NUST
005 - DATE AND TIME OF LATEST TRANSACTION
- control field: 20201120140617.0
008 - FIXED-LENGTH DATA ELEMENTS
- fixed length control field: 201120|| aca||aabn | a|a d
040 ## - CATALOGING SOURCE
- Original cataloging agency: NUST
- Transcribing agency: NUST
100 ## - HEADING--PERSONAL NAME
- Personal name: Tabassum, Saadia (MSEE-16)
670 ## - SOURCE DATA FOUND
- Source citation: Work cat.: (NUST)216232: Tabassum, Saadia (MSEE-16), Peak to average power ratio reduction in nc-OFDM based cognitive radios, 2013
